[Event "1st 4NCL International Open"]
[Site "Telford"]
[Date "2018.11.02"]
[Round "2"]
[White "Gibson, Christopher A"]
[Black "Willow, Jonah B"]
[Result "0-1"]
[WhiteElo "1924"]
[BlackElo "2271"]
[Annotator "ChessBase"]
[PlyCount "72"]
[EventDate "2018.10.31"]
[EventType "swiss"]
[EventCountry "GBR"]
[SourceTitle "playchess.com"]
[Source "ChessBase"]
[SourceQuality "1"]
[TimeControl "5400+30"]

1. e4 {[%emt 0:00:00]} c5 {[%emt 0:00:00]} 2. Nf3 {[%emt 0:00:00]} e6 {[%emt 0:00:00]} 3. d4 {[%emt 0:00:00]} cxd4 {[%emt 0:00:00]} 4. Nxd4 {[%emt 0:00:00]} Nc6 {[%emt 0:00:00]} 5. Nc3 {[%emt 0:00:01]} Qc7 {[%emt 0:00:02]} 6. g3 {[%emt 0:00:12]} a6 {[%emt 0:00:04]} 7. Bg2 {[%emt 0:00:08]} Nf6 {[%emt 0:00:05]} 8. O-O {[%emt 0:00:10]} h5 {[%emt 0:00:31]} 9. h3 {[%emt 0:12:12]} Bc5 {[%emt 0:00:06]} 10. Nb3 {[%emt 0:05:32]} Ba7 {[%emt 0:01:58]} 11. Bf4 {[%emt 0:00:24]} Ne5 {[%emt 0:00:56]} 12. a4 {[%emt 0:06:02]} d6 {[%emt 0:00:49]} 13. Nc1 {[%emt 0:03:57]} Bd7 {[%emt 0:02:53]} 14. Nd3 {[%emt 0:00:22]} Bc6 {[%emt 0:02:32]} 15. Qe2 {[%emt 0:03:03]} Nxd3 {[%emt 0:12:54]} 16. cxd3 {[%emt 0:03:23]} e5 {[%emt 0:01:32]} 17. Be3 {[%emt 0:04:49]} Bxe3 {[%emt 0:03:29]} 18. Qxe3 {[%emt 0:03:42]} O-O {[%emt 0:00:34]} 19. d4 {[%emt 0:12:28]} Qb6 {[%emt 0:00:59]} 20. Nd5 {[%emt 0:10:38]} Bxd5 {[%emt 0:00:40]} 21. exd5 {[%emt 0:00:12]} Rfe8 {[%emt 0:01:42]} 22. dxe5 {[%emt 0:06:44]} Qxe3 {[%emt 0:00:32]} 23. fxe3 {[%emt 0:00:06]} Rxe5 {[%emt 0:00:06]} 24. Ra3 {[%emt 0:05:43]} Rae8 {[%emt 0:02:27]} 25. Rb3 {[%emt 0:03:02]} R8e7 {[%emt 0:01:01]} 26. Rf4 {[%emt 0:02:56]} Nxd5 {[%emt 0:04:08]} 27. Rd4 {[%emt 0:03:16]} Nxe3 {[%emt 0:01:44]} 28. Bxb7 {[%emt 0:01:34]} Nf5 {[%emt 0:01:34]} 29. Rdd3 {[%emt 0:03:30]} Re1+ {[%emt 0:02:33]} 30. Kf2 {[%emt 0:00:31]} h4 {[%emt 0:00:24]} 31. gxh4 {[%emt 0:01:46]} R7e2+ {[%emt 0:03:47]} 32. Kf3 {[%emt 0:00:13]} Nxh4+ {[%emt 0:00:07]} 33. Kg4 {[%emt 0:01:13]} Ng6 {[%emt 0:01:57]} 34. Rxd6 {[%emt 0:01:17]} Ne5+ {[%emt 0:10:09]} 35. Kh4 {[%emt 0:01:27]} f6 {[%emt 0:06:47]} 36. Kh5 {[%emt 0:02:56]} Rg1 {[%emt 0:01:34]} 0-1

[Event "1st 4NCL International Open"]
[Site "Telford"]
[Date "2018.11.02"]
[Round "2"]
[White "Paul, Nathanael"]
[Black "Britton, Richard L"]
[Result "1-0"]
[WhiteElo "1890"]
[BlackElo "2204"]
[Annotator "ChessBase"]
[PlyCount "57"]
[EventDate "2018.10.31"]
[EventType "swiss"]
[EventCountry "GBR"]
[SourceTitle "playchess.com"]
[Source "ChessBase"]
[SourceQuality "1"]
[TimeControl "5400+30"]

1. e4 {[%emt 0:00:00]} c5 {[%emt 0:08:10]} 2. a3 {[%emt 0:00:00]} b6 {[%emt 0:13:26]} 3. b4 {[%emt 0:01:02]} Bb7 {[%emt 0:00:07]} 4. Nc3 {[%emt 0:02:38]} e6 {[%emt 0:00:10]} 5. Bb2 {[%emt 0:01:36]} d6 {[%emt 0:01:00]} 6. Nf3 {[%emt 0:03:56]} Nd7 {[%emt 0:00:06]} 7. Bc4 {[%emt 0:12:37]} Ngf6 {[%emt 0:04:24]} 8. Qe2 {[%emt 0:01:30]} Be7 {[%emt 0:00:11]} 9. Ba6 {[%emt 0:09:41]} Qc8 {[%emt 0:01:48]} 10. Bxb7 {[%emt 0:00:33]} Qxb7 {[%emt 0:00:06]} 11. O-O {[%emt 0:10:09]} O-O {[%emt 0:00:48]} 12. d3 {[%emt 0:08:17]} Rfe8 {[%emt 0:12:38]} 13. bxc5 {[%emt 0:14:26]} Nxc5 {[%emt 0:00:13]} 14. e5 {[%emt 0:01:07]} dxe5 {[%emt 0:00:39]} 15. Nxe5 {[%emt 0:00:37]} Rac8 {[%emt 0:00:17]} 16. Rad1 {[%emt 0:01:56]} Qa6 {[%emt 0:01:44]} 17. Nb1 {[%emt 0:02:40]} Red8 {[%emt 0:14:45]} 18. c4 {[%emt 0:01:12]} Na4 {[%emt 0:04:49]} 19. Ba1 {[%emt 0:00:13]} b5 {[%emt 0:00:13]} 20. Rc1 {[%emt 0:03:34]} Qb7 {[%emt 0:02:14]} 21. Rfe1 {[%emt 0:00:43]} a6 {[%emt 0:00:35]} 22. Kh1 {[%emt 0:06:17]} Nc5 {[%emt 0:03:41]} 23. Nd2 {[%emt 0:01:25]} Ncd7 {[%emt 0:00:16]} 24. Nxf7 {[%emt 0:01:25]} Rf8 {[%emt 0:02:43]} 25. Ng5 {[%emt 0:01:53]} Bxa3 {[%emt 0:00:05]} 26. Qxe6+ {[%emt 0:02:30]} Kh8 {[%emt 0:00:05]} 27. Nf7+ {[%emt 0:01:15]} Rxf7 {[%emt 0:00:12]} 28. Qxf7 {[%emt 0:00:08]} Bxc1 {[%emt 0:00:11]} 29. Re7 {[%emt 0:01:33]} 1-0

[Event "1st 4NCL International Open"]
[Site "Telford"]
[Date "2018.11.02"]
[Round "2"]
[White "Guha, Chirag"]
[Black "Mason, Donald J"]
[Result "1-0"]
[WhiteElo "1887"]
[BlackElo "2165"]
[Annotator "ChessBase"]
[PlyCount "61"]
[EventDate "2018.10.31"]
[EventType "swiss"]
[EventCountry "GBR"]
[SourceTitle "playchess.com"]
[Source "ChessBase"]
[SourceQuality "1"]
[TimeControl "5400+30"]

1. d4 {[%emt 0:00:23]} Nf6 {[%emt 0:00:00]} 2. c4 {[%emt 0:00:14]} c5 {[%emt 0:00:00]} 3. d5 {[%emt 0:00:40]} e6 {[%emt 0:00:00]} 4. Nc3 {[%emt 0:00:50]} exd5 {[%emt 0:00:04]} 5. cxd5 {[%emt 0:00:05]} d6 {[%emt 0:00:05]} 6. e4 {[%emt 0:01:23]} g6 {[%emt 0:00:08]} 7. Nf3 {[%emt 0:01:34]} Bg7 {[%emt 0:02:09]} 8. h3 {[%emt 0:03:39]} O-O {[%emt 0:03:52]} 9. Bd3 {[%emt 0:00:34]} b5 {[%emt 0:04:12]} 10. O-O {[%emt 0:20:15]} b4 {[%emt 0:12:44]} 11. Nb1 {[%emt 0:03:23]} Nbd7 {[%emt 0:13:13]} 12. Bf4 {[%emt 0:08:15]} Nb6 {[%emt 0:02:58]} 13. Qc2 {[%emt 0:05:13]} c4 {[%emt 0:18:44]} 14. Bxc4 {[%emt 0:03:39]} Nxe4 {[%emt 0:19:59]} 15. Qxe4 {[%emt 0:04:08]} Re8 {[%emt 0:01:06]} 16. Qc2 {[%emt 0:06:24]} Bf5 {[%emt 0:10:22]} 17. Qc1 {[%emt 0:06:17]} Rc8 {[%emt 0:02:56]} 18. Nbd2 {[%emt 0:05:21]} Bd3 {[%emt 0:01:34]} 19. Bxd3 {[%emt 0:03:38]} Rxc1 {[%emt 0:00:17]} 20. Raxc1 {[%emt 0:00:06]} Bxb2 {[%emt 0:00:59]} 21. Rc6 {[%emt 0:02:42]} Be5 {[%emt 0:01:24]} 22. Bxe5 {[%emt 0:01:23]} dxe5 {[%emt 0:00:01]} 23. Ne4 {[%emt 0:01:17]} Kg7 {[%emt 0:02:01]} 24. d6 {[%emt 0:05:21]} Nd5 {[%emt 0:01:32]} 25. Bc4 {[%emt 0:01:47]} Nc3 {[%emt 0:01:35]} 26. Nc5 {[%emt 0:02:28]} Qa8 {[%emt 0:00:29]} 27. Rc7 {[%emt 0:01:32]} Kh6 {[%emt 0:00:26]} 28. Bxf7 {[%emt 0:01:13]} Nb5 {[%emt 0:00:31]} 29. Bxe8 {[%emt 0:04:32]} Nxc7 {[%emt 0:00:08]} 30. dxc7 {[%emt 0:00:22]} Qxe8 {[%emt 0:00:03]} 31. Rc1 {[%emt 0:00:13]} 1-0

[Event "1st 4NCL International Open"]
[Site "Telford"]
[Date "2018.11.02"]
[Round "2"]
[White "Jukes, Sam"]
[Black "Stepanyan, Henrik"]
[Result "0-1"]
[WhiteElo "1863"]
[BlackElo "2158"]
[Annotator "ChessBase"]
[PlyCount "98"]
[EventDate "2018.10.31"]
[EventType "swiss"]
[EventCountry "GBR"]
[SourceTitle "playchess.com"]
[Source "ChessBase"]
[SourceQuality "1"]
[TimeControl "5400+30"]

1. e4 {[%emt 0:00:00]} e5 {[%emt 0:00:00]} 2. Nf3 {[%emt 0:00:00]} Nc6 {[%emt 0:00:00]} 3. Bc4 {[%emt 0:00:00]} Bc5 {[%emt 0:00:44]} 4. c3 {[%emt 0:00:25]} Nf6 {[%emt 0:01:18]} 5. d3 {[%emt 0:00:26]} O-O {[%emt 0:00:46]} 6. Bb3 {[%emt 0:01:22]} d5 {[%emt 0:02:25]} 7. exd5 {[%emt 0:03:52]} Nxd5 {[%emt 0:00:21]} 8. O-O {[%emt 0:02:29]} Bg4 {[%emt 0:02:39]} 9. h3 {[%emt 0:05:29]} Bh5 {[%emt 0:00:36]} 10. g4 {[%emt 0:03:09]} Bg6 {[%emt 0:01:09]} 11. Nxe5 {[%emt 0:07:23]} Nxe5 {[%emt 0:05:52]} 12. d4 {[%emt 0:01:03]} Be4 {[%emt 0:19:46]} 13. f3 {[%emt 0:18:36]} Qh4 {[%emt 0:20:41]} 14. fxe4 {[%emt 0:23:59]} Qg3+ {[%emt 0:00:06]} 15. Kh1 {[%emt 0:00:11]} Qxh3+ {[%emt 0:00:09]} 16. Kg1 {[%emt 0:00:09]} Ne3 {[%emt 0:15:20]} 17. Bxe3 {[%emt 0:04:38]} Qxe3+ {[%emt 0:00:10]} 18. Rf2 {[%emt 0:07:39]} Nd3 {[%emt 0:10:36]} 19. Qd2 {[%emt 0:00:29]} Qxf2+ {[%emt 0:00:58]} 20. Qxf2 {[%emt 0:00:05]} Nxf2 {[%emt 0:00:03]} 21. Kxf2 {[%emt 0:00:08]} Be7 {[%emt 0:01:40]} 22. Nd2 {[%emt 0:00:20]} g6 {[%emt 0:00:37]} 23. Nc4 {[%emt 0:02:08]} a5 {[%emt 0:01:31]} 24. Ne5 {[%emt 0:02:01]} Kg7 {[%emt 0:00:50]} 25. Ke3 {[%emt 0:00:49]} f6 {[%emt 0:02:05]} 26. Nd3 {[%emt 0:01:17]} Bd6 {[%emt 0:03:52]} 27. Rf1 {[%emt 0:01:37]} Rae8 {[%emt 0:00:22]} 28. c4 {[%emt 0:02:09]} c5 {[%emt 0:01:25]} 29. dxc5 {[%emt 0:00:21]} Be5 {[%emt 0:00:47]} 30. Ba4 {[%emt 0:00:56]} Rc8 {[%emt 0:02:41]} 31. g5 {[%emt 0:02:14]} Bb8 {[%emt 0:01:07]} 32. c6 {[%emt 0:01:59]} bxc6 {[%emt 0:00:02]} 33. b4 {[%emt 0:01:32]} axb4 {[%emt 0:01:45]} 34. gxf6+ {[%emt 0:00:49]} Rxf6 {[%emt 0:00:10]} 35. Rxf6 {[%emt 0:00:20]} Kxf6 {[%emt 0:00:40]} 36. Nxb4 {[%emt 0:00:03]} c5 {[%emt 0:00:37]} 37. Nd5+ {[%emt 0:00:33]} Kg5 {[%emt 0:00:19]} 38. Bd7 {[%emt 0:02:48]} Rd8 {[%emt 0:00:57]} 39. Be6 {[%emt 0:01:55]} h5 {[%emt 0:01:08]} 40. a4 {[%emt 0:01:09]} h4 {[%emt 0:00:02]} 41. a5 {[%emt 0:01:23]} Be5 {[%emt 0:00:01]} 42. Nb6 {[%emt 0:00:55]} Bc7 {[%emt 0:00:27]} 43. Bd5 {[%emt 0:00:29]} h3 {[%emt 0:01:20]} 44. Kf3 {[%emt 0:00:17]} h2 {[%emt 0:02:18]} 45. Kg2 {[%emt 0:00:11]} Rh8 {[%emt 0:00:28]} 46. Kh1 {[%emt 0:00:16]} Rf8 {[%emt 0:00:41]} 47. e5 {[%emt 0:00:41]} Bxe5 {[%emt 0:00:22]} 48. Kg2 {[%emt 0:00:05]} Rh8 {[%emt 0:00:35]} 49. Kh1 {[%emt 0:00:10]} Bc7 {[%emt 0:01:27]} 0-1

[Event "1st 4NCL International Open"]
[Site "Telford"]
[Date "2018.11.02"]
[Round "2"]
[White "Ross, Stuart"]
[Black "Arkell, Keith C"]
[Result "0-1"]
[WhiteElo "1608"]
[BlackElo "2436"]
[Annotator "TA"]
[PlyCount "67"]
[EventDate "2018.10.31"]
[EventType "swiss"]
[EventCountry "GBR"]
[SourceTitle "playchess.com"]
[Source "ChessBase"]
[SourceQuality "1"]

{[%evp 16,67,72,69,76,67,74,68,70,62,82,61,70,42,72,46,50,48,45,39,47,25,11,19,38,12,18,10,35,-12,-12,-6,-4,-11,-12,-10,0,-3,0,-22,-9,-13,-12,-81,-73,-80,-83,-111,-114,-469,-372,-637,-549,-29991]} 1. e4 c6 2. d4 d5 3. Nc3 {[%cal Bb1c3,Bc3e4,Be4g5][%mdl 32]} dxe4 4. Nxe4 Nd7 5. Ng5 Ngf6 6. Bd3 Nb6 7. N1f3 {B17: Caro-Kann-Verteidigung} Bg4 (7... h6 8. Ne4 Nxe4 9. Bxe4 Bg4 10. Qd3 Bxf3 11. Bxf3 g6 12. O-O Bg7 13. Rd1 O-O 14. c4 Qc7 {1-0 (59) Adams,M (2706)-Arkell,K (2406) Hull 2018}) 8. h3 Bxf3 9. Nxf3 {LiveBook: 15 Partien. Weiß steht besser.} g6 10. O-O Bg7 11. c3 O-O 12. Bf4 Nbd5 13. Be5 $146 ({Vorgänger:} 13. Bh2 b5 14. a4 a6 {½-½ (56) Rambaldi,F (2517)-Arkell,K (2488) Vienna 2015}) 13... e6 14. Qd2 Re8 15. Rfe1 Nd7 16. Bg3 c5 17. dxc5 (17. Bc4 {looks sharper.} N5b6 18. Bf1 cxd4 19. Nxd4 Nc5 20. Rad1) 17... Nxc5 18. Rad1 {Droht Lb5 und aus.} (18. Bb5 {is more complex.} Rf8 19. Rad1 Qb6 20. Bc4 Rfd8 21. Qc2) 18... Nxd3 19. Qxd3 Qb6 20. Qc2 Rac8 21. Qb3 (21. Qe2 {seems wilder.} Rcd8 22. Rd2 Qc5 23. Red1 b5 24. Ne5) 21... Rc5 22. Qxb6 Nxb6 23. Be5 Rec8 24. Bd4 Bxd4 25. Rxd4 Nd5 26. Re5 b5 27. a4 a6 28. Nd2 R5c7 29. Nf1 {[#]} (29. Re1 $11 {hält das Gleichgewicht.}) 29... b4 $1 $17 {[%mdl 512]} 30. cxb4 Rc1 {Droht stark ...Ta1.} 31. Ree4 R8c2 {[%mdl 1024] Schwarz hat starke Kompensation.} 32. b3 $2 {[%mdl 8192]} (32. b5 $17 {leistet mehr Widerstand.} axb5 33. axb5) 32... Nc3 33. Rd8+ (33. b5 $142 Nxe4 34. Rxe4 axb5 35. axb5) 33... Kg7 $19 34. g3 {Precision: Weiß = 17%, Schwarz = 56%.} 0-1

[Event "1st 4NCL International Open"]
[Site "Telford"]
[Date "2018.11.02"]
[Round "3"]
[White "Turner, Matthew J"]
[Black "Guha, Chirag"]
[Result "1-0"]
[WhiteElo "2536"]
[BlackElo "1887"]
[Annotator "TA"]
[PlyCount "43"]
[EventDate "2018.10.31"]
[EventType "swiss"]
[EventCountry "GBR"]
[SourceTitle "playchess.com"]
[Source "ChessBase"]
[SourceQuality "1"]

{[%evp 18,42,0,-8,22,-12,-2,-21,38,27,87,79,77,24,54,51,54,51,242,247,1248,1237,1197,1168,29983,29984,29999]} 1. Nf3 d5 2. g3 Nf6 3. Bg2 c6 4. O-O Bg4 5. d3 Nbd7 6. Nbd2 e5 7. h3 Bh5 8. e4 Bd6 9. g4 {[%cal Bg3g4,Bg4g5][%mdl 32] A07: Réti Opening: New York and Capablanca Systems} (9. Qe1 O-O 10. Nh4 Re8 11. a4 Nc5 12. a5 a6 13. Kh1 Ne6 14. Nb3 Qc7 15. Be3 Bf8 16. f4 c5 17. fxe5 Qxe5 18. Rf5 Qxb2 19. e5 Bg6 20. exf6 Bxf5 21. Nxf5 Qxf6 22. Qf2 Qd8 23. Rf1 Qd7 24. Nxc5 Bd6 25. Nxd7 {1-0 (25) Le,Q (2715)-Dreev,A (2649) chess.com INT 2018}) 9... Bg6 10. Nh4 {LiveBook: 11 Games} Nxe4 11. Nxe4 $146 {The position is equal.} ({Predecessor:} 11. Nxg6 Nxd2 12. Nxh8 Nxf1 13. Kxf1 f6 14. g5 Ke7 15. gxf6+ gxf6 16. Nf7 Kxf7 {0-1 (24) Volpi,D (2008)-Tagliaferri,V (1440) Crema 2007}) 11... dxe4 12. dxe4 Qxh4 (12... Qe7 $11) 13. Qxd6 $14 h5 {[#]} (13... Qe7 $11 14. Qxe7+ Kxe7) 14. g5 $1 $16 O-O-O 15. f3 ({Better is} 15. Be3 $16) 15... f6 16. Be3 Bf7 17. Rfd1 fxg5 $2 (17... Rhe8 $14) 18. Qe7 $18 {aiming for Rd6.} (18. Bxa7 g4 $14) 18... Rhf8 $2 {[#]} (18... Bc4 19. Rd2 (19. Qxg7 Rhg8 $16) (19. Bxg5 Qg3 $14) (19. Qxg5 Qxg5 20. Bxg5 Nf6 $14) 19... Qg3) 19. Rxd7 $1 {[%mdl 512]} Rxd7 20. Qxf8+ Kc7 21. Bxa7 {[%csl Ga7][%cal Rf8b8]} g4 22. Qb8# {Precision: White = 63%, Black =  9%.} 1-0

[Event "1st 4NCL International Open"]
[Site "Telford"]
[Date "2018.11.01"]
[Round "3"]
[White "Fodor, Tamas Jr."]
[Black "Ferrington, Nigel M"]
[Result "1-0"]
[WhiteElo "2520"]
[BlackElo "2130"]
[Annotator "TA"]
[PlyCount "67"]
[EventDate "2018.10.31"]
[EventType "swiss"]
[EventCountry "GBR"]
[SourceTitle "playchess.com"]
[Source "ChessBase"]
[SourceQuality "1"]

{[%evp 19,67,30,64,60,64,60,66,52,72,69,83,77,77,80,80,75,115,112,112,0,0,0,0,0,30,-8,-8,-8,-5,-10,19,27,19,9,10,0,0,0,52,17,584,578,678,675,29996,29997,29997,29998,29998,29999]} 1. d4 d5 2. c4 e6 3. Nc3 c5 4. cxd5 exd5 5. Nf3 Nc6 6. g3 Nf6 7. Bg2 Be7 8. O-O O-O 9. dxc5 Bxc5 10. a3 h6 11. b4 {D34: Tarrasch Defence: 6 g3 Nf6 7 Bg2 Be7} Bb6 12. Bb2 Re8 13. Rc1 {White is slightly better.} Bg4 14. Na4 {[#]} Ne4 $146 ({Predecessor:} 14... Qe7 15. Nxb6 axb6 16. Re1 Rad8 17. Qd3 Bxf3 18. Qxf3 Ne5 19. Qf4 Nc4 20. Bxf6 Qxf6 21. Qxf6 gxf6 22. Bxd5 Nxa3 23. Bxb7 {1-0 (46) Bacrot,E (2692)-Berelowitsch,A (2521) Germany 2016}) 15. Nxb6 Qxb6 16. Qxd5 Rad8 17. Qc4 Bxf3 18. exf3 Nd2 19. Qc3 (19. Qg4 $16 {[%csl Gb2][%cal Rg4g7]} Ne5 20. Bxe5 Rxe5 21. f4) 19... Nd4 $1 $11 {[%cal Rd4e2] [#] Threatens to win with ...Ne2+.} 20. Rfe1 Re2 {[%cal Be8e2,Be2f2,Bf2c2][%mdl 32]} 21. Kh1 {Rxe2 is the strong threat.} Rxf2 {[%cal Rd2f3]} 22. Re3 N2b3 23. Rce1 $132 {[%mdl 2048] White is fighting back} Rc2 24. Qd3 {White wants to mate with Re8+.} Qg6 (24... Qc6 $5 {[%cal Rc2b2]} 25. b5 Qc8 $11) 25. Bxd4 ({Of course not} 25. Re8+ Rxe8 26. Rxe8+ Kh7 $15) 25... Nxd4 26. f4 {Black should prevent Qxg6.} f5 27. Re5 Qf7 $1 ({Don't blunder} 27... Qh5 $2 28. Rd5 $18) 28. g4 {[%cal Bg3g4,Bg4g5][%mdl 32]} Qa2 (28... fxg4 $11 29. Bd5 Rxd5 30. Re8+ {[#]} Qxe8 $1 {[%mdl 512]} 31. Rxe8+ Kf7) 29. Qh3 {Strongly threatening g5.} Ne2 $2 {[%mdl 8192]} (29... Re2 $1 $11) 30. g5 $18 Nxf4 31. Qxf5 {Re8+ would kill now.} g6 32. Re8+ {White mates.} Rxe8 33. Rxe8+ Kh7 34. Qd7+ {Precision: White = 72%, Black = 40%.} 1-0

[Event "1st 4NCL International Open"]
[Site "Telford"]
[Date "2018.11.02"]
[Round "3"]
[White "Fodor, Tamas Jr."]
[Black "Ferrington, Nigel M"]
[Result "1-0"]
[WhiteElo "2520"]
[BlackElo "2130"]
[Annotator "TA"]
[PlyCount "67"]
[EventDate "2018.10.31"]
[EventType "swiss"]
[EventCountry "GBR"]
[SourceTitle "playchess.com"]
[Source "ChessBase"]
[SourceQuality "1"]

{[%evp 24,67,67,52,64,64,62,64,64,64,67,64,110,119,118,0,0,0,0,0,2,-2,-6,-6,0,-3,20,29,20,1,1,1,1,2,41,29,593,568,665,651,29996,29997,29997,29998,29998,29999]} 1. d4 d5 2. c4 e6 3. Nc3 c5 4. cxd5 exd5 5. Nf3 Nc6 6. g3 Nf6 7. Bg2 Be7 8. O-O O-O 9. dxc5 Bxc5 10. a3 h6 11. b4 {D34: Tarrasch Defence: 6 g3 Nf6 7 Bg2 Be7} Bb6 12. Bb2 Re8 13. Rc1 {LiveBook: 4 Games. White is slightly better.} Bg4 14. Na4 {[#]} Ne4 $146 ({Predecessor:} 14... Qe7 15. Nxb6 axb6 16. Re1 Rad8 17. Qd3 Bxf3 18. Qxf3 Ne5 19. Qf4 Nc4 20. Bxf6 Qxf6 21. Qxf6 gxf6 22. Bxd5 Nxa3 23. Bxb7 {1-0 (46) Bacrot,E (2692)-Berelowitsch,A (2521) Germany 2016}) 15. Nxb6 Qxb6 16. Qxd5 Rad8 17. Qc4 Bxf3 18. exf3 Nd2 19. Qc3 (19. Qg4 $16 {[%csl Gb2][%cal Rg4g7]} Ne5 20. Bxe5 Rxe5 21. Rfe1 Rxe1+ 22. Rxe1) 19... Nd4 $1 $11 {[%cal Rd4e2] [#] White must now prevent ...Ne2+.} 20. Rfe1 Re2 {[%cal Be8e2,Be2f2,Bf2c2][%mdl 32]} 21. Kh1 {Strongly threatening Rxe2.} Rxf2 {[%cal Rd2f3]} 22. Re3 N2b3 23. Rce1 $132 {[%mdl 2048] White is not keeping still} Rc2 24. Qd3 {White threatens Re8+ and mate.} Qg6 25. Bxd4 ({Much worse is} 25. Re8+ Rxe8 26. Rxe8+ Kh7 $11) 25... Nxd4 26. f4 {White wants to play Qxg6.} f5 27. Re5 Qf7 $1 {[#]} ({But not} 27... Qh5 $2 28. Rd5 $18) 28. g4 $1 {[%cal Bg3g4,Bg4g5][%mdl 544]} Qa2 (28... fxg4 29. Bd5) 29. Qh3 {g5 is the strong threat.} Ne2 $2 {[%mdl 8192]} (29... Re2 $1 $11) 30. g5 $18 Nxf4 31. Qxf5 {White wants to mate with Re8+.} g6 32. Re8+ {White mates.} Rxe8 33. Rxe8+ Kh7 34. Qd7+ {Precision: White = 87%, Black = 48%.} 1-0

[Event "1st 4NCL International Open"]
[Site "Telford"]
[Date "2018.11.02"]
[Round "3"]
[White "Gormally, Daniel W"]
[Black "Krishna C R G"]
[Result "1/2-1/2"]
[WhiteElo "2482"]
[BlackElo "2445"]
[Annotator "TA"]
[PlyCount "23"]
[EventDate "2018.10.31"]
[EventType "swiss"]
[EventCountry "GBR"]
[SourceTitle "playchess.com"]
[Source "ChessBase"]
[SourceQuality "1"]

{[%evp 11,23,22,8,-14,22,20,31,8,8,14,5,10,13,8]} 1. d4 d5 2. c4 c6 3. Nf3 Nf6 4. Nc3 a6 5. Ne5 g6 6. Bf4 {D15: Slav Defence: 4 Nc3 a6 and gambit lines after 4 Nc3 dxc4} Bg7 {LiveBook: 8 Games} 7. h3 O-O $146 ({Predecessor:} 7... dxc4 8. Nxc4 Be6 9. e3 Nd5 10. Be5 O-O 11. Bxg7 Kxg7 12. Ne4 Nd7 13. Be2 {0-1 (64) Riazantsev,A (2708)-Kamsky,G (2741) Khanty-Mansiysk 2013}) 8. e3 Be6 9. Be2 dxc4 {The position is equal.} 10. Nxc4 Nbd7 11. O-O Nd5 12. Nxd5 1/2-1/2

[Event "1st 4NCL International Open"]
[Site "Telford"]
[Date "2018.11.01"]
[Round "3"]
[White "Williams, Simon K"]
[Black "Roberson, Peter T"]
[Result "1/2-1/2"]
[WhiteElo "2457"]
[BlackElo "2396"]
[Annotator "TA"]
[PlyCount "48"]
[EventDate "2018.10.31"]
[EventType "swiss"]
[EventCountry "GBR"]
[SourceTitle "playchess.com"]
[Source "ChessBase"]
[SourceQuality "1"]

{[%evp 12,48,12,8,-3,16,-10,-10,0,0,22,22,38,0,1,0,0,-10,-4,-117,-135,-101,-129,-143,-94,-150,-101,-100,-100,-165,-198,-175,-177,-202,0,0,0,0,0]} 1. Nf3 Nf6 2. c4 e6 3. b3 d5 4. e3 c5 5. Bb2 Nc6 6. cxd5 exd5 7. Nc3 {LiveBook: 5 Games. A13: English Opening: 1...e6} (7. Bb5 Bd6 8. d4 cxd4 9. Nxd4 O-O 10. O-O Qb6 11. Bd3 Be5 12. Qd2 Nxd4 13. exd4 Bd6 14. Nc3 Bd7 15. Rfe1 Rfe8 {0-1 (62) Mamedyarov,S (2801)-Giri,A (2782) chess.com INT 2018}) 7... d4 8. Na4 Be7 $146 ({Predecessor:} 8... d3 9. Rc1 Ne4 10. Ne5 Nxe5 11. Bxe5 Qd5 12. Ba1 b6 {½-½ (58) Ushenina,A (2416)-Lagno,K (2547) Huaian 2017}) 9. Bb5 Bd7 10. O-O dxe3 11. dxe3 a6 12. Be2 b5 $1 $36 {[%cal Rb5a4,Bb7b5,Bb5b4][%mdl 2080] Black is pushing.} 13. Nc3 O-O 14. a4 b4 15. Nd5 {[#]} (15. Nb1 $1 $11 {keeps the balance.}) 15... Nxd5 $1 $17 16. Qxd5 {[#]} Be6 $1 17. Qe4 Qd5 18. Qb1 ({White should try} 18. Qxd5 Bxd5 19. Nd2) 18... Bf5 19. Bc4 Qxc4 $1 20. Qxf5 (20. bxc4 $17 Bxb1 21. Raxb1) 20... Qxb3 $19 21. Bxg7 Kxg7 22. Ng5 Bxg5 $2 ({Better is} 22... Rh8 $19 {Threatens to win with ...Rad8.} 23. Rab1 Qc3 24. Qxf7+ Kh6) 23. Qxg5+ $11 Kh8 {...f5 is the strong threat.} 24. Qf6+ Kg8 {Precision: White = 56%, Black = 68%.} 1/2-1/2

[Event "1st 4NCL International Open"]
[Site "Telford"]
[Date "2018.11.02"]
[Round "3"]
[White "Williams, Simon K"]
[Black "Roberson, Peter T"]
[Result "1/2-1/2"]
[WhiteElo "2457"]
[BlackElo "2396"]
[Annotator "TA"]
[PlyCount "48"]
[EventDate "2018.10.31"]
[EventType "swiss"]
[EventCountry "GBR"]
[SourceTitle "playchess.com"]
[Source "ChessBase"]
[SourceQuality "1"]

{[%evp 12,48,8,0,0,-9,-3,6,0,26,25,27,29,0,0,2,0,-6,0,-134,-134,-134,-129,-157,-97,-135,-93,-103,-104,-179,-198,-192,-196,-191,0,0,0,0,0]} 1. Nf3 Nf6 2. c4 e6 {[%cal Be7e6,Be6d5,Bd5d4][%mdl 32]} 3. b3 d5 4. e3 c5 5. Bb2 Nc6 6. cxd5 exd5 7. Nc3 {LiveBook: 5 Games. A13: English Opening: 1...e6} (7. Bb5 Bd6 8. d4 cxd4 9. Nxd4 O-O 10. O-O Qb6 11. Bd3 Be5 12. Qd2 Nxd4 13. exd4 Bd6 14. Nc3 Bd7 15. Rfe1 Rfe8 {0-1 (62) Mamedyarov,S (2801)-Giri,A (2782) chess.com INT 2018}) 7... d4 8. Na4 Be7 $146 ({Predecessor:} 8... d3 9. Rc1 Ne4 10. Ne5 Nxe5 11. Bxe5 Qd5 12. Ba1 b6 {½-½ (58) Ushenina,A (2416)-Lagno,K (2547) Huaian 2017}) 9. Bb5 Bd7 10. O-O dxe3 11. dxe3 a6 12. Be2 b5 $1 $36 {[%cal Rb5a4,Bb7b5,Bb5b4][%mdl 2080] Black fights for an advantage.} 13. Nc3 O-O 14. a4 b4 15. Nd5 {[#]} (15. Nb1 $1 $11 {remains equal.}) 15... Nxd5 $1 $17 16. Qxd5 {[#]} Be6 $1 17. Qe4 Qd5 (17... Bxb3 $142 18. Qg4 g6) 18. Qb1 Bf5 19. Bc4 Qxc4 $1 20. Qxf5 (20. bxc4 $17 {was called for.} Bxb1 21. Raxb1) 20... Qxb3 $19 21. Bxg7 Kxg7 22. Ng5 Bxg5 $2 ({Black should play} 22... Rh8 $19 {...Rad8 is the strong threat.} 23. Rab1 Qa2) 23. Qxg5+ $11 Kh8 {aiming for ...f5.} 24. Qf6+ Kg8 {Precision: White = 41%, Black = 82%.} 1/2-1/2